Dínom-dánom

Bibliographic Details
Main Author: Janovic, Tomáš, 1937-2023 (Author)
Corporate Authors: Najkrajšie a najlepšie detské knihy jari, leta, jesene a zimy na Slovensku (Najkrajšia detská kniha jari 2017), Najkrajšie knihy Slovenska (Kategória: Literatúra pre deti a mládež., Diplom)
Other Authors: Klepoch, Tomáš, 1981- (Illustrator)
Format: Conference Proceeding Book
Language:Slovak
PhysicalDescription:52 s. ilustr. 32 cm
Published: Bratislava Literárne informačné centrum 2017
ISBN:9788081190971
Edition:1. vyd.
Subjects:

MARC

LEADER 00000cam a2200000 a 4500
001 vtls011635976
003 SK-MaSNL
005 20260301043217.0
008 240314s2017 xo a a 000 p slo
015 |a SNBA2017/09 
020 |a 9788081190971  |q (viaz.) 
035 |a urn:nbn:sk:snk-am00cyk6 
035 |a urn:nbn:sk:snk-am3hfk6 
035 |a 53D6EFAA-FAA8-463A-B9BA-661F059B07B5 
040 |a SNK  |b slo  |c SNK  |e AACR2 
041 0 |a slo 
044 |a xo  |c SK 
072 7 |a 821.162.4-1  |x Slovenská poézia  |2 konspekt 
072 7 |a 821-93  |x Literatúra pre deti a mládež (beletria)  |2 konspekt 
080 |a 821.162.4-1  |2 2011 
080 |a 82-1-053.2  |2 2011 
080 |a 82-93-053.2  |2 2011 
080 |a 82-34:808.1  |2 2011 
100 1 |a Janovic, Tomáš,  |d 1937-2023  |4 aut  |9 103580 
245 1 0 |a Dínom-dánom  |c Tomáš Janovic ; [ilustrácie Tomáš Klepoch] 
250 |a 1. vyd. 
260 |a Bratislava  |b Literárne informačné centrum  |c 2017 
300 |a 52 s.  |b ilustr.  |c 32 cm 
655 7 |a slovenská poézia  |2 SNKPH  |9 70444 
655 7 |a poézia pre deti  |2 SNKPH  |9 86748 
655 7 |a Slovak poetry  |2 SNKPHeng  |9 265010 
655 7 |a Children's poetry  |2 SNKPHeng  |9 282495 
655 7 |a Children's literature  |2 SNKPHeng  |9 276039 
655 7 |a publikácie pre deti  |2 SNKPH  |9 70148 
655 7 |a autorské rozprávky  |2 SNKPH  |9 70727 
655 7 |a Author fairy tales  |2 SNKPHeng  |9 283778 
700 1 |a Klepoch, Tomáš,  |d 1981-  |4 ill  |9 157081 
711 2 |a Najkrajšie a najlepšie detské knihy jari, leta, jesene a zimy na Slovensku  |n (28 :  |d 2017 :  |c Bratislava, Slovensko).  |e Najkrajšia detská kniha jari 2017  |9 347676 
711 2 |a Najkrajšie knihy Slovenska  |n (XXVI. (54.) :  |d 2017  |c Bratislava, Slovensko).  |e Kategória: Literatúra pre deti a mládež.  |e Diplom  |9 347677 
852 |a Štátna vedecká knižnica v Banskej Bystrici 
919 |a 978-80-8119-097-1 
958 |a LX 
958 |a DB 
999 |c 593000  |d 594930 
952 |a SNK  |b SNK  |y PREZ  |7 0  |p 17A1270131  |o snkSB 91825  |i snk2017/18013  |8 0  |0 0  |1 0  |4 0  |d 2017-08-08  |f 1  |l 0  |r 2025-05-13 00:00:00  |w 2026-02-23 
952 |a SNK  |b SNK  |y VYP  |7 0  |p 17A1270130  |o snkSB 91825 D1  |i snk2017/18015  |8 0  |0 0  |1 0  |4 0  |d 2017-08-08  |l 0  |r 2026-02-23 15:30:11  |w 2026-02-23